Projektový manažment - efektívny nástroj riadenia organizácie

Projekt predstavuje riadený proces zo stanoveným začiatkom a koncom, s vytýčením pravidiel, pre jeho riadenie a reguláciu. Projektový manažment označuje spôsob riadenia, pomocou ktorého je možné zabezpečit realizáciu požadovaných cieľov.

Salvato in:
Dettagli Bibliografici
Autore principale: Šolc, Marek
Natura: Capitolo di libro
Lingua:slovacco
Soggetti:
Tags: Aggiungi Tag
Nessun Tag, puoi essere il primo ad aggiungerne!!

MARC

LEADER 00000nla a2200000 4500
001 0183005
005 20221020084505.8
041 0 |a slo 
044 |a SK 
245 1 0 |a Projektový manažment - efektívny nástroj riadenia organizácie  |c Marek Šolc 
520 |a Projekt predstavuje riadený proces zo stanoveným začiatkom a koncom, s vytýčením pravidiel, pre jeho riadenie a reguláciu. Projektový manažment označuje spôsob riadenia, pomocou ktorého je možné zabezpečit realizáciu požadovaných cieľov. 
610 2 0 |a manažment 
610 2 0 |a riadenie projektové 
610 2 0 |a projekty 
610 2 0 |a tímy pracovné 
610 2 0 |a technika riadenia 
610 2 0 |a procesy podnikové 
610 2 0 |a ciele podnikové 
100 1 |a Šolc, Marek